000 00841nam a2200229Ia 4500
003 GCL
008 140319s9999 xx 000 0 ara d
040 _aGCL /
_cGCL
082 0 4 _a320.153
_bم م
100 1 _aمركز البحوث والدراسات السياسية
245 1 0 _aمعجم النظم السياسية اللبرالية فى اوربا الغربية وامريكا الشمالية /
_cمركز البحوث والدراسات السياسية
700 1 _aحسن نافعة
260 _a[S.N] :
_bمركز البحوث والدراسات السياسية ،
_c1991
300 _a283 ص
490 _a
650 0 4 _aالديمقراطية
650 0 4 _aالمذاهب السياسية
650 0 4 _aامريكا الشمالية
650 0 4 _aاللبرالية
650 0 4 _aاوربا
942 _2ddc
_cBK
999 _c31014
_d31014